| 000 | 01564nam0a2200373 4500 | ||
|---|---|---|---|
| 001 | RU\NLR\BIBL_A\022804056 | ||
| 005 | 20260531093402.0 | ||
| 010 |
_a978-5-97060-602-5 _9500 |
||
| 035 | _a(NLR Aleph) 022804056 | ||
| 090 |
_a13715314 _c13715314 |
||
| 100 | _a20260512d2019 u y0rusy50 ca | ||
| 101 | 1 |
_arus _cjpn |
|
| 102 | _aRU | ||
| 105 | _aa zt 000yy | ||
| 181 | 0 |
_ab3 _bbb2e |
|
| 181 | 0 |
_ai2 _baxxe |
|
| 182 | 0 | _an | |
| 200 | 1 |
_aУправление проектами _e[манга] _fХироканэ Осаму _gперевод с яп. А. С. Слащевой _gхудожник Санукиян |
|
| 203 |
_aИзображение _aТекст _bвизуальные _cнепосредственные |
||
| 210 |
_aМосква _cДМК Пресс _d2019 |
||
| 215 |
_aVIII, 197 с. _cил. _d24 |
||
| 225 | 1 | _aЗанимательная манга | |
| 300 | _aНа обл. авт.: Хироканэ Осаму, Санукиян | ||
| 320 | _aБиблиогр.: с. 197 (9 назв.) | ||
| 606 | 1 |
_aПроекты _xУправление _91734110 _3RU\NLR\AUTH\661071500 |
|
| 686 | 0 | _aЩ153(5Я)65-475 | |
| 686 | 1 | _aУ21(0)2 | |
| 700 | 1 |
_7ca _8rus _aОсаму _bХ. _gХироканэ _92709428 _3RU\NLR\AUTH\770293765 |
|
| 702 | 0 |
_7ca _8rus _aСанукиян _cпсевдоним _92709683 _3RU\NLR\AUTH\770293812 |
|
| 702 | 1 |
_aСлащева _bА. С. _f1993- _gАнна Сергеевна _4730 |
|
| 942 | _cBOOK | ||
| 980 | _aNB | ||